Statistiques concernant Pays avec 1 prix Nobel de littérature

Cliquez ici pour prendre le quiz!

Statistiques générales

  • Ce quiz a été pris 59 fois
    (22 depuis la dernière actualisation)
  • Le résultat moyen est 10 sur 22

Statistiques - réponses

Pays avec 1 Nobel% Correct
Canada
82%
Australie
77%
Inde
77%
Égypte
73%
Finlande
73%
Belgique
73%
Mexique
68%
Portugal
55%
Hongrie
55%
Islande
45%
Israël
45%
Turquie
45%
Biélorussie
45%
Yougoslavie
41%
Pérou
36%
Tchécoslovaquie
36%
Colombie
36%
Bulgarie
23%
Nigéria
14%
Guatemala
14%
Île Maurice
5%
Sainte-Lucie
5%

Distribution des résultats

Percentile par nombre de réponses

% des personnes avec chaque résultat

Votre développement - résultats

Vous n’avez pas pris ce quiz depuis la dernière actualisation